| 000 | 00776nam a2200289 4500 | ||
|---|---|---|---|
| 001 | |||
| 003 | DO-SdBNP | ||
| 005 | 20170117121056.0 | ||
| 008 | 840423s1983 sp a 000 spa | ||
| 016 | 7 |
_a _z _2BPMSU |
|
| 017 |
_a _b |
||
| 020 | _a361049196 | ||
| 035 | _a(OCoLC) | ||
| 040 |
_aBPMSU _bspa _cBPMSU _e |
||
| 080 | 0 | _a | |
| 100 | _a | ||
| 240 |
_aFinding out about bible times _lEspañol |
||
| 245 | 0 | 3 |
_aEs divertido descubrir la época de la Biblia _h _c |
| 260 |
_aBarcelona : _bPlaza & Janes, _c1983 |
||
| 300 |
_a45 p. : _bil. ; _c32 cm |
||
| 490 | 0 | _aCliper | |
| 650 | 7 |
_aHistoria sagrada _2embne |
|
| 700 | 1 |
_aMaclean, Moira _d1933- |
|
| 700 | 1 |
_aMaclean, Colin _d1930- |
|
| 942 |
_2ddc _cBK |
||
| 956 |
_a VMATEO _b10 _c20170117 _dBPMSU _f0069 |
||
| 999 |
_c12499 _d12499 |
||